000
00215nam a22001097a 4500
020
_a
0-7214-26042
082
_a
001
_b
LAD/B
245
_a
BIRDS STICKER BOOK
260
_a
UK
_b
LADYBIRD
650
_a
GK
_z
UK
942
_c
BK
999
_c
6224
_d
6224